000 01035nam a22002655i 4500
001 12220
003 ES-MaACL
005 20230906150251.0
007 t|
008 950706s1994 sp ||||0| spa j
020 _a84-7492-666-1
040 _aM-BN
_bspa
_cM-BN
080 _a669.6(460.11)(091)
080 _a903.27(460.11)
100 1 _aMadroñero de la Cal, A.
_975369
245 1 4 _aUna posibilidad de rastreo de los orígenes de la metalurgia del estaño en España
_b: interpretación de los petroglifos gallegos desde la explotación y el comercio del estaño antiguo /
_cAntonio Madroñero de la Cal.
260 _aSada, A Coruña :
_bEdiciós do Castro,
_cD.L. 1994.
300 _a75, [62] p. de lám ;
_c24 cm.
490 1 _aCadernos do Seminario de Sargadelos ;
_v64
650 4 _aEstaño-
_xMetalurgia-
_zGalicia-
_vHistoria.
_912531
650 1 4 _aPetroglifos-
_zGalicia.
_915987
830 0 _aCadernos do Seminario de Sargadelos ;
_v64
_9180514
852 _aES-MaACL
_jL-19567
_bR.123762
999 _c12220
_d12220